|
|
|
|
| LEADER |
00000nam0a2200000 4500 |
| 001 |
686023 |
| 005 |
20260416155718.0 |
| 010 |
|
|
|a 5-7511-1902-9
|
| 090 |
|
|
|a 686023
|
| 100 |
|
|
|a 20260408d2005 km|y0rusy50 ca
|
| 101 |
0 |
|
|a rus
|
| 102 |
|
|
|a RU
|
| 105 |
|
|
|a y z 011yc
|
| 181 |
|
0 |
|a i
|b e
|
| 182 |
|
0 |
|a n
|
| 183 |
|
0 |
|a nc
|2 RDAcarrier
|
| 200 |
1 |
|
|a История движения студенческих строительных отрядов Томской области (1963-2004 гг.)
|e сборник документов и материалов
|g Департамент по молодежной политике, физической культуре и спорту Томской области [и др.]; отв. ред. А. А. Фрицлер
|
| 203 |
|
|
|a Текст
|b визуальный
|c непосредственный
|
| 210 |
|
|
|a Томск
|c Изд-во ТГУ
|d 2005
|
| 215 |
|
|
|a 390 с.
|
| 283 |
|
|
|a volume
|2 RDAcarrier
|
| 300 |
|
|
|a 400-летию Томска и 40-летию движения ССО посвящается
|
| 320 |
|
|
|a Именной указатель: с. 369-380
|
| 606 |
|
|
|a Студенческие отряды строительные
|9 75818
|
| 610 |
1 |
|
|a высшее образование
|
| 610 |
1 |
|
|a Томск
|
| 610 |
1 |
|
|a история
|
| 610 |
1 |
|
|a студенческое движение
|
| 610 |
1 |
|
|a студенческие строительные отряды
|
| 610 |
1 |
|
|a комсомольские стройки
|
| 610 |
1 |
|
|a Томская область
|
| 610 |
1 |
|
|a Томский областной студенческий строительный отряд
|
| 610 |
1 |
|
|a документы
|
| 610 |
1 |
|
|a протоколы
|
| 686 |
|
|
|2 rubbk
|a Ч481.43
|
| 702 |
|
1 |
|a Фрицлер
|b А. А.
|c директор русско-немецкого центра образования и научных исследований Томского политехнического университета
|f 1941-
|g Александр Александрович
|4 340
|9 3168
|
| 712 |
0 |
1 |
|a Томская область
|b Департамент по молодежной политике, физической культуре и спорту
|4 570
|9 26811
|
| 712 |
0 |
2 |
|a Центр документации новейшей истории Томской области
|4 570
|9 23909
|
| 712 |
0 |
2 |
|a Ветераны студенческих строительных отрядов
|b Томская региональная общественная организация
|4 570
|9 26870
|
| 712 |
0 |
2 |
|a Томский государственный университет
|c 1917-2009
|b Кафедра современной отечественной истории
|4 570
|9 23396
|
| 801 |
|
0 |
|c 20260408
|a RU
|b 63413507
|
| 850 |
|
|
|a 63413507
|
| 942 |
|
|
|c BK
|